American Airlines fleet by picture - Statistics

General Stats
  • This quiz has been taken 61 times
  • The average score is 10 of 14
Answer Stats
Picture Answer % Correct
A320-200
96%
A319-100
91%
A321-200
91%
A330-200
89%
B777-200
84%
B737-800
82%
B777-300
82%
B787-8
82%
B787-9
82%
CRJ900
60%
CRJ700
58%
E175
58%
ERJ140
44%
ERJ145
44%
No matching quizzes found
Score Distribution
Percent of People with Each Score
Percentile by Number Answered
Your Score History
You have not taken this quiz